BIBLIOTECA

SENCICO

Diseño arquitectónico : guía para arquitectos y diseñadores (Registro nro. 2153)

Detalles MARC
000 -LEADER
fixed length control field 00749nam a2200193Ia 4500
005 - DATE AND TIME OF LATEST TRANSACTION
control field 20251020182533.0
008 - FIXED-LENGTH DATA ELEMENTS--GENERAL INFORMATION
fixed length control field 200515s9999 xx 000 0 und d
082 ## - DEWEY DECIMAL CLASSIFICATION NUMBER
Classification number 72.011/R10
100 ## - MAIN ENTRY--PERSONAL NAME
Personal name REZNIKOFF, S. C.
245 #0 - TITLE STATEMENT
Title Diseño arquitectónico : guía para arquitectos y diseñadores
260 ## - PUBLICATION, DISTRIBUTION, ETC.
Place of publication, distribution, etc. México, D.F.
260 ## - PUBLICATION, DISTRIBUTION, ETC.
Date of publication, distribution, etc. 1995
500 ## - GENERAL NOTE
General note 1 ejemplar
520 ## - SUMMARY, ETC.
Summary, etc. Consta de tres partes esencialmente gráficas, donde se muestran -en principio- las características técnicas, de uso y funcionamiento de los elementos básicos de construcción, así como de los materiales para acabados, elementos decorativos, de iluminación
650 ## - SUBJECT ADDED ENTRY--TOPICAL TERM
Topical term or geographic name entry element DIBUJO ARQUITECTONICO
650 ## - SUBJECT ADDED ENTRY--TOPICAL TERM
Topical term or geographic name entry element DISEÑO ARQUITECTONICO
650 ## - SUBJECT ADDED ENTRY--TOPICAL TERM
Topical term or geographic name entry element LIB
942 ## - ADDED ENTRY ELEMENTS (KOHA)
Koha item type Libros
Existencias
Fecha de la última vez que lo usaron Pago total Signatura topográfica completa Código de barras Precio efectivo desde Tipo de documento Estado perdido Estado dañado No es para préstamo Retirado Ubicación permanente Ubicación actual Fecha de adquisición
15/05/2020   72.011/R10 Bib-Lima15052153 15/05/2020 Libros         Biblioteca Central Lima Biblioteca Central Lima 15/05/2020